000 01265cam a2200349 a 4500
001 4279
003 FISKH
005 20240711132336.0
008 080507s2009 nyua b 000 1 eng
010 _a 2008013859
020 _a9780061236143 (trade bdg.)
020 _a9780061236136 (pbk.)
040 _aDLC
_cDLC
_dDLC
_beng
050 _aPZ7.O222
082 _a813.54
100 1 _aO'Connor, Jane.
245 1 0 _aFancy Nancy, poison ivy expert /
_cby Jane O'Connor ; cover illustration by Robin Preiss Glasser ; interior illustrations by Ted Enik.
260 _aNew York :
_bHarperCollins,
_c2009.
300 _a32 pages :
_bcolor illustrations ;
_c23 cm
490 0 _aI can read! Beginning reading 1
505 _aJ
520 _aA young girl who uses fancy words and considers herself practically a poison ivy expert learns a valuable (and itchy) lesson about the plant after picking a bouquet of wildflowers.
521 _a470
_bLexile
521 _aJ
_bRaz-Plus
650 1 _aPoison ivy
_vFiction.
650 1 _aVocabulary
_vFiction.
700 1 _aPreiss-Glasser, Robin.
_eCover illustrator
700 1 _aEnik, Ted,
_eillustrator
906 _a7
_bcbc
_corignew
_d1
_eecip
_f20
_gy-gencatlg
942 _2ddc
_cBK
_n0
999 _c4279
_d4279